[Event "Mogi Guacu op"]
[Site "Mogi Guacu"]
[Date "2022.04.30"]
[Round "3"]
[White "De Freitas, Rames Fialho"]
[Black "Jailson Altair Barbosa, Nobre"]
[Result "1-0"]
[WhiteElo "1919"]
[BlackElo "1607"]
[PlyCount "39"]
[EventDate "2022.04.29"]
[EventType "swiss"]
[EventRounds "6"]
[EventCountry "BRA"]
[SourceTitle "CBM 208 Extra"]
[Source "ChessBase"]
[SourceDate "2022.07.31"]
[SourceVersion "1"]
[SourceVersionDate "2022.07.31"]
[SourceQuality "1"]

1. d4 Nf6 2. Nf3 e6 3. Bg5 d5 4. e3 Be7 5. Nbd2 0-0 6. Bd3 Nbd7 7. Ne5 c5 8. c3 Qc7 9. f4 h6 10. h4 cxd4 11. exd4 Bd6 12. Bxf6 Nxf6 13. g4 Rd8 14. g5 hxg5 15. hxg5 Bxe5 16. fxe5 Ne4 17. Qh5 Kf8 18. Qh8+ Ke7 19. Qxg7 Nxc3 20. Rc1 1-0